Top 10 Wolverhampton Wanderers Premier League Scorers - Statistics

General Stats
  • This quiz has been taken 188 times
    37 since last reset
  • The average score is 6 of 10
Answer Stats
Player Goals % Correct
Raúl Jiménez 40
94%
Rúben Neves 21
91%
Matheus Cunha 29
86%
Diogo Jota 16
83%
Daniel Podence 12
63%
Hwang Hee-chan 22
60%
Jørgen Strand Larsen 14
57%
Steven Fletcher 22
34%
Kevin Doyle 18
20%
Matt Jarvis 15
17%
No matching quizzes found
Score Distribution
Percent of People with Each Score
Percentile by Number Answered
Your Score History
You have not taken this quiz since the last reset